<?xml version="1.0" encoding="UTF-8"?>
<record
    xmlns:xsi="http://www.w3.org/2001/XMLSchema-instance"
    xsi:schemaLocation="http://www.loc.gov/MARC21/slim http://www.loc.gov/standards/marcxml/schema/MARC21slim.xsd"
    xmlns="http://www.loc.gov/MARC21/slim">

  <leader>01205nam a22001817a 4500</leader>
  <controlfield tag="008">120528t        xxu||||| |||| 00| 0 eng d</controlfield>
  <datafield tag="020" ind1=" " ind2=" ">
    <subfield code="a">8185386153</subfield>
  </datafield>
  <datafield tag="050" ind1=" " ind2=" ">
    <subfield code="a">HF5438.26.F868</subfield>
  </datafield>
  <datafield tag="100" ind1=" " ind2=" ">
    <subfield code="a">Futrell, Charles</subfield>
  </datafield>
  <datafield tag="245" ind1=" " ind2=" ">
    <subfield code="a">ABC'S of selling. /</subfield>
    <subfield code="c">Charles Futrell</subfield>
  </datafield>
  <datafield tag="250" ind1=" " ind2=" ">
    <subfield code="a">2nd ed.</subfield>
  </datafield>
  <datafield tag="260" ind1=" " ind2=" ">
    <subfield code="a">India:</subfield>
    <subfield code="b">Irwin Inc.,</subfield>
    <subfield code="c">c2003.</subfield>
  </datafield>
  <datafield tag="300" ind1=" " ind2=" ">
    <subfield code="a">xxi,473 p.:</subfield>
    <subfield code="b">ill;</subfield>
    <subfield code="c">23cm.</subfield>
  </datafield>
  <datafield tag="500" ind1=" " ind2=" ">
    <subfield code="a">Includes index</subfield>
  </datafield>
  <datafield tag="505" ind1=" " ind2=" ">
    <subfield code="a">Contents: Selling as a profession -- The Life and times of the professional saleperson -- Preparation for successful selling : the psychology of selling: why people buy -- Communication and persuasion: it's not all talk -- So, What do i need to know? -- The Dynamics of selling -- Prospecting-the lifrblood of selling -- Planning the sales call is a must -- Carefully select which sales presentation method to use -- Begin your presentation strategically -- Elements of making a great presentation -- Welcome your prospect's objections -- Close, close, close -- Winning in the long run: building a relationship through service -- Special selling topics -- Time and territory mangement is a key to success -- Social, ethical, legal issues in selling.</subfield>
  </datafield>
  <datafield tag="650" ind1=" " ind2=" ">
    <subfield code="b">Selling. </subfield>
  </datafield>
  <datafield tag="942" ind1=" " ind2=" ">
    <subfield code="2">lcc</subfield>
    <subfield code="c">BK</subfield>
  </datafield>
  <datafield tag="999" ind1=" " ind2=" ">
    <subfield code="c">970</subfield>
    <subfield code="d">8470</subfield>
  </datafield>
  <datafield tag="952" ind1=" " ind2=" ">
    <subfield code="0">0</subfield>
    <subfield code="1">0</subfield>
    <subfield code="2">lcc</subfield>
    <subfield code="4">0</subfield>
    <subfield code="7">0</subfield>
    <subfield code="a">WIUC-1</subfield>
    <subfield code="b">WIUC-1</subfield>
    <subfield code="c">GEN</subfield>
    <subfield code="d">2012-05-28</subfield>
    <subfield code="l">0</subfield>
    <subfield code="o">HF5438.26.F868</subfield>
    <subfield code="p">2428/12</subfield>
    <subfield code="r">2012-05-28 00:00:00</subfield>
    <subfield code="t">1</subfield>
    <subfield code="w">2012-05-28</subfield>
    <subfield code="y">BK</subfield>
  </datafield>
  <datafield tag="952" ind1=" " ind2=" ">
    <subfield code="0">0</subfield>
    <subfield code="1">0</subfield>
    <subfield code="2">lcc</subfield>
    <subfield code="4">0</subfield>
    <subfield code="7">0</subfield>
    <subfield code="a">WIUC-1</subfield>
    <subfield code="b">WIUC-1</subfield>
    <subfield code="c">GEN</subfield>
    <subfield code="d">2012-05-28</subfield>
    <subfield code="l">0</subfield>
    <subfield code="o">HF5438.26.F8681</subfield>
    <subfield code="p">2429/12</subfield>
    <subfield code="r">2012-05-28 00:00:00</subfield>
    <subfield code="t">2</subfield>
    <subfield code="w">2012-05-28</subfield>
    <subfield code="y">BK</subfield>
  </datafield>
  <datafield tag="952" ind1=" " ind2=" ">
    <subfield code="0">0</subfield>
    <subfield code="1">0</subfield>
    <subfield code="2">lcc</subfield>
    <subfield code="4">0</subfield>
    <subfield code="7">0</subfield>
    <subfield code="a">WIUC-1</subfield>
    <subfield code="b">WIUC-1</subfield>
    <subfield code="c">GEN</subfield>
    <subfield code="d">2012-05-28</subfield>
    <subfield code="l">0</subfield>
    <subfield code="o">HF5438.26.F8682</subfield>
    <subfield code="p">2430/12</subfield>
    <subfield code="r">2012-05-28 00:00:00</subfield>
    <subfield code="t">3</subfield>
    <subfield code="w">2012-05-28</subfield>
    <subfield code="y">BK</subfield>
  </datafield>
  <datafield tag="952" ind1=" " ind2=" ">
    <subfield code="0">0</subfield>
    <subfield code="1">0</subfield>
    <subfield code="2">lcc</subfield>
    <subfield code="4">0</subfield>
    <subfield code="7">0</subfield>
    <subfield code="a">WIUC-1</subfield>
    <subfield code="b">WIUC-1</subfield>
    <subfield code="c">GEN</subfield>
    <subfield code="d">2012-05-28</subfield>
    <subfield code="l">0</subfield>
    <subfield code="o">HF5438.26.F8683</subfield>
    <subfield code="p">2431/12</subfield>
    <subfield code="r">2012-05-28 00:00:00</subfield>
    <subfield code="t">4</subfield>
    <subfield code="w">2012-05-28</subfield>
    <subfield code="y">BK</subfield>
  </datafield>
  <datafield tag="952" ind1=" " ind2=" ">
    <subfield code="0">0</subfield>
    <subfield code="1">0</subfield>
    <subfield code="2">lcc</subfield>
    <subfield code="4">0</subfield>
    <subfield code="7">0</subfield>
    <subfield code="a">WIUC-1</subfield>
    <subfield code="b">WIUC-1</subfield>
    <subfield code="c">GEN</subfield>
    <subfield code="d">2012-05-28</subfield>
    <subfield code="l">0</subfield>
    <subfield code="o">HF5438.26.F8684</subfield>
    <subfield code="p">2432/12</subfield>
    <subfield code="r">2012-05-28 00:00:00</subfield>
    <subfield code="t">5</subfield>
    <subfield code="w">2012-05-28</subfield>
    <subfield code="y">BK</subfield>
  </datafield>
</record>
